Ee number nilavililla/ (Record no. 145948)

000 -LEADER
fixed length control field 00355nam a22001337a 4500
082 ## - DEWEY DECIMAL CLASSIFICATION NUMBER
Classification number M2
Item number KRI/E
100 ## - MAIN ENTRY--AUTHOR NAME
Personal name Krishnan Kutty Veloor
245 ## - TITLE STATEMENT
Title Ee number nilavililla/
Statement of responsibility, etc by Krishnan Kutty Veloor.
260 ## - PUBLICATION, DISTRIBUTION, ETC. (IMPRINT)
Place of publication
Name of publisher K S Vinodkumar,
Year of publication 1994.
650 ## - SUBJECT ADDED ENTRY--TOPICAL TERM
Topical Term Drama Literature Malayalam
650 ## - SUBJECT ADDED ENTRY--TOPICAL TERM
Topical Term Literature Malayalam
650 ## - SUBJECT ADDED ENTRY--TOPICAL TERM
Topical Term Literature
942 ## - ADDED ENTRY ELEMENTS (KOHA)
Koha item type Book
Holdings
Withdrawn status Lost status Damaged status Not for loan Permanent Location Current Location Shelving location Date acquired Full call number Accession Number Price effective from Koha item type
    Damaged 1 Sree Sankaracharya University of Sanskrit Sree Sankaracharya University of Sanskrit Binding 13.02.2021 M2 KRI/E 002515 13.02.2021 Book